000 01381nam0a2200313 4500
001 RU\NLR\bibl\1309685
005 20250615153634.0
010 _a978-5-86775-640-6
_910000
021 _aRU
_b2008-84566
_94931
021 _aRU
_b2010-23342
_91564
035 _a(NLR Aleph) 001295152
090 _a583996
_c583996
100 _a20081218d2008 |||y0rusy50 ca
101 0 _arus
102 _aRU
105 _aa |||||||||
200 1 _aАкварельный дождик
_e[художественный альбом для занятий с детьми 3-5 лет
_eдля чтения детям взрослыми
_fред.: Е. Краснушкина]
210 _aМосква
_cМозаика-Синтез
_d2008
215 _a10, [2] с.
_cцв. ил.
_d29
225 1 _aМаленький художник
_eзанятия с детьми от 3 до 5 лет
606 1 _aДошкольники
_jАльбомы
_xОбучение рисованию
_9888265
_3RU\NLR\auth\66486
686 _aЧ411.355.82я6
702 1 _aКраснушкина
_bЕ.
_4340
801 0 _aRU
_bNLR
_c20081218
_gRCR
801 1 _aRU
_bNLR
_c20081218
830 _aред. в кат. нет
942 _cBOOK
980 _aNB